| 000 | 00715cam a22002293a 4500 | ||
|---|---|---|---|
| 001 | 15805 | ||
| 003 | PGUSA | ||
| 005 | 20140828083334.0 | ||
| 008 | 050509s2005||||xxu|||||s|||||000 | eng d | ||
| 040 |
_aPGUSA _beng |
||
| 042 | _adc | ||
| 050 | 4 | _aPQ | |
| 100 | 1 |
_aVoltaire, _d1694-1778 |
|
| 245 | 1 | 0 |
_aLa mort de César : _bTragédie en trois actes - avec les changemens fait par le citoyen Gohier ministre de la justice _h[electronic resource] / _cVoltaire |
| 260 |
_bProject Gutenberg, _c2005 |
||
| 506 | _aPublic domain in the USA. | ||
| 516 | _aElectronic text | ||
| 653 | _aCaesar, Julius -- Drama | ||
| 830 | 0 |
_aProject Gutenberg _v15805 |
|
| 856 | 4 | 0 | _uhttp://www.gutenberg.org/ebooks/15805 |
| 942 | _cEB | ||
| 999 |
_c245060 _d245060 |
||